Proces globalizace

Proces globalizácie. Vymedzenie pojmu globalizácia. Faktory globalizácie. Proces liberalizácie. Liberalizácia medzinárodného obchodu. Liberalizácia kapitálových tokov. Dopady procesu liberalizácie. Liberalizácia a nezamestnanosť. Liberalizácia a nerovnosť. Liberalizácia a ekonomický rast.

Na minha lista:
Detalhes bibliográficos
Autor principal: Breinek, Pavel
Formato: Capítulo de Livro
Idioma:tcheco
Assuntos:
Tags: Adicionar Tag
Sem tags, seja o primeiro a adicionar uma tag!

MARC

LEADER 00000naa$a2200000$$$4500
001 0010262
005 20231004080313.1
041 0 |a cze 
044 |a CZ 
245 1 0 |a Proces globalizace  |c aut. Pavel Breinek 
520 |a Proces globalizácie. Vymedzenie pojmu globalizácia. Faktory globalizácie. Proces liberalizácie. Liberalizácia medzinárodného obchodu. Liberalizácia kapitálových tokov. Dopady procesu liberalizácie. Liberalizácia a nezamestnanosť. Liberalizácia a nerovnosť. Liberalizácia a ekonomický rast. 
610 2 0 |a globalizácia 
610 2 0 |a globalizácia hospodárstva 
610 2 0 |a pojmy 
610 2 0 |a liberalizácia 
610 2 0 |a obchod medzinárodný 
610 2 0 |a trh finančný medzinárodný 
610 2 0 |a pohyb kapitálu 
610 2 0 |a multilateralita 
610 2 0 |a pohyb síl pracovných medzinárodný 
610 2 0 |a hospodárstvo svetové 
610 2 0 |a rast hospodársky 
100 1 |a Breinek, Pavel